The influence of technological and geometrical parameters of the conventional metal spinning process on macro and micro-geometrical characteristics of the spun parts

Salvato in:
Dettagli Bibliografici
Autore principale: Frnčík, Martin (Autore)
Altri autori: Šugárová, Jana (Relatore della tesi)
Natura: Manoscritto Libro
Lingua:slovacco
inglese
Pubblicazione: 2019
Soggetti:
Accesso online:http://is.stuba.sk/zp/portal_zp.pl?podrobnosti=132476
Tags: Aggiungi Tag
Nessun Tag, puoi essere il primo ad aggiungerne!!

MARC

LEADER 00000ntm a22000003a 4500
001 stuzp56818
003 SK-STU
005 20190918135621.6
007 ta
008 150427s2015----xo-----f-mn---000-0-slo-d
035 |a biblio/136733  |2 CREPC2 
040 |a STU  |b slo 
041 0 |a eng 
044 |a xo 
100 1 |a Frnčík, Martin  |u 063000  |k Z3  |4 aut  |9 100 100  |U MTF Materiálovotechnologická fakulta  |T MTF Ústav výrobných technológií  |X 6627  |U M3000  |Y 83  |7 A000006627 
242 0 1 |a Vplyv technologických a geometrických parametrov konvenčného kovotlačenia na makro a mikrogeometrické charakteristiky výtvarkov  |y slo 
245 1 0 |a The influence of technological and geometrical parameters of the conventional metal spinning process on macro and micro-geometrical characteristics of the spun parts 
260 |c 2019 
300 |a 151 s. 
650 4 |a rotačné CNC kovotlačenie  |2 slo 
650 4 |a technologické a geometrické parametre  |2 slo 
650 4 |a technológia laserového textúrovania povrchov  |2 slo 
650 4 |a Ring-Test  |2 slo 
650 4 |a koeficient trenia  |2 slo 
650 4 |a ANOVA  |2 slo 
650 4 |a conventional CNC metal spinning process  |2 eng 
650 4 |a technological and geometrical parameters  |2 eng 
650 4 |a laser surface texturing technology  |2 eng 
650 4 |a Ring-Test  |2 eng 
650 4 |a friction coefficient  |2 eng 
650 4 |a ANOVA  |2 eng 
700 1 |a Šugárová, Jana  |u 063400  |k Z1  |4 ths  |U MTF Ústav výrobných technológií  |T MTF Katedra tvárnenia kovov a plastov  |X 54646  |U M3400  |Y 163  |7 A000054646 
856 4 |u http://is.stuba.sk/zp/portal_zp.pl?podrobnosti=132476 
996 |c M* DzP-657  |l MMSKP  |s P  |a 0  |w stuzp56818_0001